00579nam a2200145Ia 4500008004100000100001800041245009200059245001600151260000900167300003900176440004900215650007800264999001900342952007200361171207s9999 xx 000 0 und d aAli, Shainna. aInside Out and Counseling: Creative Interventions to Facilitate Emotional Intelligence  cShainna Ali c2017 apages 377-387, July-September 2017 aJournal of Creativity in Mental Healthv12:3 aCounseling, creativity, emotional intelligence, Inside Out, mental health c347700d347700 001040aCLbCLd2017-12-07l0r2017-12-07 00:00:00w2017-12-07ySE